The right of assembly and association.

Bibliographic Details
Main Author: Abernathy, M. Glenn (Mabra Glenn), 1921-
Format: Book
Language:English
Published: Columbia : University of South Carolina Press, 1961.
Subjects:

MARC

Tag First Indicator Second Indicator Subfields
LEADER 00000cam a2200000 4500
001 in00000060692
005 20151008050539.0
008 720927s1961 scu b 00000 eng u
010 |a  61009384  
035 |a (OCoLC)00418381 
035 |9 AAG1717AM 
040 |c MRC  |d TXA  |d UtOrBLW 
049 |a TXAM  |c [342433] 
090 |a KF4778  |b .A92 
092 |a 323.47  |b A146r 
100 1 |a Abernathy, M. Glenn  |q (Mabra Glenn),  |d 1921- 
245 1 4 |a The right of assembly and association. 
264 1 |a Columbia :  |b University of South Carolina Press,  |c 1961. 
300 |a 263 pages 
336 |a text  |b txt  |2 rdacontent 
337 |a unmediated  |b n  |2 rdamedia 
338 |a volume  |b nc  |2 rdacarrier 
504 |a Includes bibliography. 
650 0 |a Assembly, Right of  |z United States. 
650 0 |a Freedom of association  |z United States. 
999 |a MARS 
999 f f |s 75731ce1-d890-35c9-afc2-42774f3950ee  |i 4dac01be-da52-3ce7-a188-2bc5ef2f838d  |t 0 
952 f f |p ric  |a Texas A&M University  |b Rellis Campus  |c Joint Library Facility  |d Remote Storage  |t 0  |e KF4778 .A92  |h Library of Congress classification  |i unmediated -- volume  |m A14800667265 
998 f f |a KF4778 .A92  |t 0  |l Remote Storage